000 00873cam a2200253u 4500
999 _c10135
_d10135
001 10135
003 BD-JhCC
005 20180920125257.0
008 180417s1962 nyu 000 0 eng
035 _a(BD-JhCC)10135
040 _aDLC
_cCarP
_dDLC
_dBD-JhCC
041 _aeng
050 0 0 _aE841
_b.K43
082 _bKEN 1962
_a973.922
100 1 _aKennedy, John F.
_q(John Fitzgerald),
_d1917-1963.
245 1 0 _aTo turn the tide;
_ba selection from President Kennedy's public statements from his election through the 1961 adjournment of Congress /
_csetting forth the goals of his first legislative year.
250 _a[1st ed.]
260 _aNew York :
_bHarper,
_c1962.
300 _a182 p.
_c20 cm.
651 0 _aUnited States
_xPolitics and government
_y1961-1963.
651 0 _aUnited States
_xForeign relations
_y1961-1963.
942 _2ddc
_cBK